El libro blanco del Rock
محفوظ في:
| المؤلف الرئيسي: | |
|---|---|
| التنسيق: | كتاب |
| اللغة: | الإسبانية |
| منشور في: |
Santiago
Ril Editores
2009
|
| الطبعة: | 1a. ed |
| الموضوعات: | |
| الوسوم: |
إضافة وسم
لا توجد وسوم, كن أول من يضع وسما على هذه التسجيلة!
|
MARC
| LEADER | 00000cam a2200000 a 4500 | ||
|---|---|---|---|
| 001 | UCD7613 | ||
| 003 | CL-VaPUC | ||
| 008 | 170331e20090000cl |||||||||||||||||spa|d | ||
| 020 | |a 9789562847063 | ||
| 082 | 0 | 4 | |a 780.9 |b PAD |2 21 |
| 100 | |a Padilla, Pablo |e autor |9 591619 | ||
| 245 | 1 | 3 | |a El libro blanco del Rock |
| 250 | |a 1a. ed | ||
| 300 | |a 417 p | ||
| 942 | |c BK | ||
| 945 | |d 20170331 00:58:00 |a dcastane | ||
| 260 | |a Santiago |b Ril Editores |c 2009 | ||
| 650 | 0 | |a Historia del rock |9 471724 | |
| 650 | 0 | |a Músicos |9 306340 | |
| 583 | |a last modification |c 20170331 00:58:00 |k Rodrigo Vera | ||
| 999 | |c 367589 |d 367587 | ||
| 952 | |0 0 |1 0 |3 erb |4 0 |6 780_900000000000000_PAD_2009 |7 0 |8 R |9 482569 |a BIBEDU |b BIBEDU |i 5361257 |o 780.9 PAD 2009 |p 5361257 |r 2023-01-12 |w 2019-11-24 |y BK_R |z Catalogado en:20170331 |k MUS | ||